Countries with 2 Digit Codes - Statistics

General Stats
  • This quiz has been taken 15 times
  • The average score is 141 of 196
Answer Stats
Country Names 2 Digit Codes % Correct
Andorra AD
100%
Afghanistan AF
100%
Antigua and Barbuda AG
100%
Albania AL
100%
Argentina AR
100%
Angola AO
89%
Australia AU
89%
Azerbaijan AZ
89%
Bosnia and Herzegovina BA
89%
Belgium BE
89%
Burkina Faso BF
89%
Bulgaria BG
89%
Bahrain BH
89%
Burundi BI
89%
Brunei BN
89%
Bolivia BO
89%
Brazil BR
89%
Bhutan BT
89%
Botswana BW
89%
Belize BZ
89%
Canada CA
89%
Switzerland CH
89%
Ivory Coast CI
89%
Cameroon CM
89%
Colombia CO
89%
Costa Rica CR
89%
Cuba CU
89%
Cyprus CY
89%
Czechia CZ
89%
Germany DE
89%
Djibouti DJ
89%
Denmark DK
89%
Dominica DM
89%
Ecuador EC
89%
Egypt EG
89%
Eritrea ER
89%
Spain ES
89%
Ethiopia ET
89%
France FR
89%
Georgia GE
89%
Italy IT
89%
Jamaica JM
89%
Jordan JO
89%
Japan JP
89%
Kenya KE
89%
Kiribati KI
89%
Kuwait KW
89%
Kazakhstan KZ
89%
Laos LA
89%
Morocco MA
89%
Uzbekistan UZ
89%
United Arab Emirates AE
78%
Armenia AM
78%
Austria AT
78%
Barbados BB
78%
Bangladesh BD
78%
Bahamas BS
78%
Democratic Republic of the Congo CD
78%
Chile CL
78%
Cape Verde CV
78%
Dominican Republic DO
78%
Finland FI
78%
Gabon GA
78%
United Kingdom GB
78%
Gambia GM
78%
Greece GR
78%
Hungary HU
78%
Indonesia ID
78%
Ireland IE
78%
Israel IL
78%
India IN
78%
Iraq IQ
78%
Saint Kitts and Nevis KN
78%
South Korea KR
78%
Liechtenstein LI
78%
Luxembourg LU
78%
Monaco MC
78%
Moldova MD
78%
Madagascar MG
78%
Mali ML
78%
Mongolia MN
78%
Malta MT
78%
Malawi MW
78%
Mexico MX
78%
Malaysia MY
78%
Mozambique MZ
78%
Niger NE
78%
Norway NO
78%
Nepal NP
78%
Poland PL
78%
Qatar QA
78%
Saudi Arabia SA
78%
Sweden SE
78%
Slovakia SK
78%
Somalia SO
78%
Turkey TR
78%
United States US
78%
Vatican City VA
78%
Venezuela VE
78%
Vietnam VN
78%
Vanuatu VU
78%
Central African Republic CF
67%
China CN
67%
Ghana GH
67%
Guyana GY
67%
Iran IR
67%
Iceland IS
67%
Lebanon LB
67%
Liberia LR
67%
Lesotho LS
67%
Lithuania LT
67%
Latvia LV
67%
Libya LY
67%
Montenegro ME
67%
Marshall Islands MH
67%
Mauritania MR
67%
Mauritius MU
67%
Maldives MV
67%
Namibia NA
67%
Nigeria NG
67%
Netherlands NL
67%
New Zealand NZ
67%
Oman OM
67%
Panama PA
67%
Peru PE
67%
Philippines PH
67%
Romania RO
67%
Russia RU
67%
Rwanda RW
67%
Solomon Islands SB
67%
Seychelles SC
67%
Sudan SD
67%
Singapore SG
67%
Slovenia SI
67%
Sierra Leone SL
67%
San Marino SM
67%
Senegal SN
67%
Suriname SR
67%
South Sudan SS
67%
Sao Tome and Principe ST
67%
El Salvador SV
67%
Syria SY
67%
Togo TG
67%
Thailand TH
67%
Tajikistan TJ
67%
Timor-Leste TL
67%
Tunisia TN
67%
Tonga TO
67%
Trinidad and Tobago TT
67%
Tuvalu TV
67%
Taiwan TW
67%
Ukraine UA
67%
Uruguay UY
67%
Yemen YE
67%
South Africa ZA
67%
Zambia ZM
67%
Belarus BY
56%
Republic of the Congo CG
56%
Fiji FJ
56%
Grenada GD
56%
Guinea GN
56%
Guatemala GT
56%
Honduras HN
56%
Haiti HT
56%
Kyrgyzstan KG
56%
Saint Lucia LC
56%
Myanmar MM
56%
Nicaragua NI
56%
Nauru NR
56%
Pakistan PK
56%
Portugal PT
56%
Paraguay PY
56%
Eswatini SZ
56%
Chad TD
56%
Turkmenistan TM
56%
Tanzania TZ
56%
Uganda UG
56%
Saint Vincent and the Grenadines VC
56%
Zimbabwe ZW
56%
Benin BJ
44%
Algeria DZ
44%
Estonia EE
44%
Micronesia FM
44%
Croatia HR
44%
Cambodia KH
44%
North Korea KP
44%
North Macedonia MK
44%
Papua New Guinea PG
44%
Equatorial Guinea GQ
33%
Guinea-Bissau GW
33%
Comoros KM
33%
Sri Lanka LK
33%
Palau PW
33%
Serbia RS
33%
Samoa WS
33%
Kosovo XK
33%
No matching quizzes found
Score Distribution
Percent of People with Each Score
Percentile by Number Answered
Your Score History
You have not taken this quiz